SOCIAL DIMENSIONS OF LAW & JUSTIC (Record no. 10128)

MARC details
000 -LEADER
fixed length control field 00296nam a22001337a 4500
003 - CONTROL NUMBER IDENTIFIER
control field SGT
082 ## - DEWEY DECIMAL CLASSIFICATION NUMBER
Classification number 349,STO
100 ## - MAIN ENTRY--PERSONAL NAME
Personal name STONE, JULIUS
245 ## - TITLE STATEMENT
Title SOCIAL DIMENSIONS OF LAW & JUSTIC
260 ## - PUBLICATION, DISTRIBUTION, ETC. (IMPRINT)
Place of publication, distribution, etc NEW DELI
Name of publisher, distributor, etc UNIVERSAL BOOK COMPANY
Year of Publication 2012
300 ## - PAGE DESCRIPTION
No. of Pages 933
650 ## - SUBJECT ADDED ENTRY--TOPICAL TERM
Topical term or geographic name as entry element JURIS
942 ## - ADDED ENTRY ELEMENTS (KOHA)
Source of classification or shelving scheme Dewey Decimal Classification
Koha item type Books
Holdings
Withdrawn status Lost status Source of classification or shelving scheme Damaged status Not for loan Collection code Home library Current library Shelving location Date acquired Vendor Name Cost, normal purchase price SGTU Bill Number Total Checkouts Full call number Accession No. (Barcode) Date last seen Bill Date Koha item type
    Dewey Decimal Classification     LAW SGT Science & Social Sciences Library SGT Science & Social Sciences Library Text Book 07/12/2016 JUPITER LAW BOOK COMPANY 825.00 SGTU 856   349,STO FL517 07/12/2016 31/10/2014 Books
    Dewey Decimal Classification     LAW SGT Science & Social Sciences Library SGT Science & Social Sciences Library Text Book 07/12/2016 JUPITER LAW BOOK COMPANY 825.00 SGTU 856   349,STO FL518 07/12/2016 31/10/2014 Books